Central Library OPAC University of Rajshahi

Hugo and Russell's pharmaceutical microbiology / (Record no. 38625)

MARC details
000 -LEADER
fixed length control field 01481nam a2200397 a 4500
001 - CONTROL NUMBER
control field 38625
003 - CONTROL NUMBER IDENTIFIER
rucl marc code BD-RjUL
005 - DATE AND TIME OF LATEST TRANSACTION
control field 20211209052830.0
008 - FIXED-LENGTH DATA ELEMENTS--GENERAL INFORMATION
fixed length control field 031104s2004 maua b 001 0 eng
020 ## - INTERNATIONAL STANDARD BOOK NUMBER
International Standard Book Number 0632064676
International Standard Book Number 1405132094
035 ## - SYSTEM CONTROL NUMBER
System control number (DNLM)101196469
-- (BD-RjUL)38733
040 ## - CATALOGING SOURCE
Original cataloging agency DNLM/DLC
Transcribing agency DLC
Modifying agency DLC
-- BD-RjUL
Language of cataloging eng
041 ## - LANGUAGE CODE
Language code of text/sound track or separate title eng
060 10 - NATIONAL LIBRARY OF MEDICINE CALL NUMBER
Classification number QV 250
Item number H895 2004
082 00 - DEWEY DECIMAL CLASSIFICATION NUMBER
Classification number 615.101579
Edition number 22
Author mark and year HUG 2004
245 00 - TITLE STATEMENT
Title Hugo and Russell's pharmaceutical microbiology /
Statement of responsibility, etc. edited by Stephen P. Denyer, Norman A. Hodges, Sean P. Gorman.
246 14 - VARYING FORM OF TITLE
Title proper/short title Hugo & Russell's pharmaceutical microbiology
Title proper/short title Pharmaceutical microbiology
250 ## - EDITION STATEMENT
Edition statement 7th ed.
260 ## - PUBLICATION, DISTRIBUTION, ETC. (IMPRINT)
Place of publication, distribution, etc. Malden, Mass. :
Name of publisher, distributor, etc. Blackwell Science,
Date of publication, distribution, etc. 2004 [reprint 2010]
300 ## - PHYSICAL DESCRIPTION
Pagination x, 481 p. :
Illustrations ill. ;
Size 24 cm.
500 ## - GENERAL NOTE
General note Rev. ed. of: Pharmaceutical microbiology / edited by W.B. Hugo and A.D. Russell.
504 ## - BIBLIOGRAPHY, ETC. NOTE
Bibliography, etc Includes bibliographical references and index.
650 #0 - SUBJECT ADDED ENTRY--TOPICAL TERM
Topical term or geographic name as entry element Pharmaceutical microbiology.
9 (RLIN) 119246
Topical term or geographic name as entry element Anti-Infective Agents.
9 (RLIN) 119247
Topical term or geographic name as entry element Technology, Pharmaceutical.
9 (RLIN) 119248
700 1# - ADDED ENTRY--PERSONAL NAME
Personal name Hugo, W. B.
Fuller form of name (William Barry)
Personal name Denyer, S. P.
Personal name Hodges, Norman A.
Personal name Gorman, S. P.
856 41 - ELECTRONIC LOCATION AND ACCESS
Materials specified Table of contents
Uniform Resource Identifier <a href="http://www.loc.gov/catdir/toc/ecip0411/2003024264.html">http://www.loc.gov/catdir/toc/ecip0411/2003024264.html</a>
942 ## - ADDED ENTRY ELEMENTS (KOHA)
Source of classification or shelving scheme Dewey Decimal Classification
Koha item type Books
Holdings
Lost status Source of classification or shelving scheme Damaged status Not for loan Collection code Permanent Location Current Location Shelving location Date acquired Source of acquisition Cost, normal purchase price Total Checkouts Full call number Date last seen Copy number Koha item type
  Dewey Decimal Classification     Non-fiction Central Library, University of Rajshahi Central Library, University of Rajshahi   20/04/2008 Paragon, Dhaka 995.00   615.101579 HUG 2004 27/01/2016 C-2 Books
  Dewey Decimal Classification     Non-fiction Central Library, University of Rajshahi Central Library, University of Rajshahi   20/04/2008 Dhaka Progan Enterprise 995.00   615.101579 HUG 2005 03/11/2016 C-3 Books
  Dewey Decimal Classification   Not For Loan Non-fiction Central Library, University of Rajshahi Central Library, University of Rajshahi Reading Room 10/03/2011 Paragon Enterprises Dhaka 995.00   615.101579 HUG 2009 26/12/2016 C-1 Books
  Dewey Decimal Classification     Non-fiction Central Library, University of Rajshahi Central Library, University of Rajshahi   20/04/2008 Dhaka, Paragon Enterprises Ltd. 995.00   615.101579 HUG 2005 29/03/2017 C-4 Books